|
|
|
|
| LEADER |
00997nam a2200253 a 4500 |
| 001 |
25921 |
| 003 |
BD-DhAAL |
| 008 |
120929r20101986nyua b 001 0 eng d |
| 999 |
|
|
|c 12856
|d 12856
|
| 010 |
|
|
|a 86006499
|
| 020 |
|
|
|a 9780714827902
|
| 020 |
|
|
|a 0847807266
|
| 040 |
|
|
|a DLC
|c DLC
|d DLC
|d BD-DhAAL
|
| 082 |
0 |
0 |
|a 720.92
|2 21
|
| 100 |
1 |
|
|a Curtis, William J. R.
|9 40048
|
| 245 |
1 |
0 |
|a Le Corbusier :
|b ideas and forms /
|c William J.R. Curtis.
|
| 260 |
|
|
|a New York :
|b Rizzoli ;
|a London :
|d Phaidon Press,
|c 1986.
|
| 300 |
|
|
|a 240 p. :
|b ill. (some col.) ;
|c 29 cm.
|
| 504 |
|
|
|a Includes Bibliographical references (pages 230-236.) and index.
|
| 541 |
|
|
|a 00025921
|
| 600 |
0 |
0 |
|a Le Corbusier,
|d 1887-1965
|x Criticism and interpretation.
|9 40049
|
| 852 |
1 |
|
|a Ayesha Abed Library
|j General Stacks
|
| 942 |
|
|
|2 ddc
|c BK
|
| 952 |
|
|
|0 0
|1 0
|4 0
|6 720_924000000000000_CUR
|7 0
|9 21162
|a BRACUL
|b BRACUL
|c GEN
|d 2012-09-26
|e Riza Enterprize
|g 3500.00
|l 21
|m 233
|o 720.924 CUR
|p 3010025921
|r 2025-10-29
|s 2025-02-20
|t 1
|w 2012-09-26
|y BK
|